000 00979cab a2200157 4500
001 ##L131344
008 050727n2005 000 0 eng u
035 _a(Sirsi) u131344
041 0 _aeng
245 0 0 _aCommercial auction analysis guide half year 2005
260 _c2005
520 _aReports that fewer lots have been offered and sold compared to 2004, with business perceived as being hampered by lack of supply. Allsop and Co is the top auction firm followed by Jones Lang LaSalle. Only Cottons sold all of it's lots. Report includes: number and value of lots sold by type; commercial lots for 2004 and 2005 sold by auctioneer; disclosed value of lots sold by the top 20 auctioneers; and average value of lots by region.
690 _aPROPERTY-COMMERCIAL PROPERTY-AUCTIONEERING COMMERCIAL PROPERTY
856 4 8 _uhttps://www.focusnet.co.uk/public/documents/Auction%20Report%20Half%20Year%202005.pdf
_zView the item free of charge at www.focusnet.co.uk...
942 _n0
999 _c104718
_d104718